Statistics for Olympique de Marseille 2020-21 Squad

Click here to take the quiz!

General Stats

  • This quiz has been taken 217 times
    (211 since last reset)
  • The average score is 16 of 35

Answer Stats

No.PositionNationalityAnswer% Correct
2DFJapanHiroki Sakai
93%
10MFFranceDimitri Payet
91%
30GKFranceSteve Mandanda
88%
15DFCroatiaDuje Ćaleta-Car
81%
26MFFranceFlorian Thauvin
80%
-ManagerPortugalAndré Villas-Boas
78%
19FWPolandArkadiusz Milik
77%
4DFFranceBoubacar Kamara
74%
5DFArgentinaLeonardo Balerdi
73%
6MFNetherlandsKevin Strootman
72%
16GKFranceYohann Pelé
69%
21MFFranceValentin Rongier
68%
9FWArgentinaDarío Benedetto
66%
3DFSpainÁlvaro González
61%
25DFJapanYuto Nagatomo
58%
11FWBrazilLuis Henrique
57%
18DFFranceJordan Amavi
53%
27MFFranceMaxime Lopez
51%
24MFTunisiaSaîf-Eddine Khaoui
51%
28FWFranceValére Germain
40%
22MFFrancePape Gueye
30%
1GKCameroonSimon Ngapandouetnbu
30%
17MFFranceMichaël Cuisance
22%
32DFFranceLucas Perrin
19%
8MFFranceOlivier Ntcham
17%
38MFFranceUgo Bertelli
17%
37DFFranceAaron Kamardin
8%
40GKFranceAhmadou Dia
8%
41MFFranceCheick Souaré
7%
29FWFranceFlorian Chabrolle
5%
20DFFranceChristopher Rocchia
4%
39MFFranceJores Rahou
2%
34MFFranceAlexandre Phliponeau
1%
43MFFranceNassim Ahmed
1%
42DFFranceRichecard Richard
1%

Score Distribution

Percentile by Number Answered

Percent of People with Each Score

Your Score History

You have not taken this quiz since the last reset